01363nam a2200301 a 450000100100000000500170001000800410002702000180006804000250008608200180011110000230012924500750015226000460022730000210027350000570029450400700035150400320042159000260045365100360047965000360051565000290055165100590058091000380063995201300067795201160080795201210092399900170104400003916720240417185634.0130606s2013 dr r 000 0 spa d a9789945416459 aDO-SdBNPbspacBNPHU a341.37bR175c1 aRamos, Omar96536713aEl control a posteriori de los tratados internacionales /cOmar Ramos. aSanto Domingo :bArtes Gráficas,c2013. a322 p. ;c24 cm. aIncluye datos biográficos del autor en las solapas aIncluye referencias bibliográficas y notas al pie de páginas. aBibliografía : p.167-184. aInventariado, 2018/BT 4aTratados Internacionales965368 4aNegociaciones comerciales99612 0aDerecho comparado929704 4aRepública DominicanaxTratados Internacionales99650 aValidado. Control de calidad. EMS 001054708DSaGRbGRcHDd2013-06-06iLF1l0o341.37 R175cp39167-30r2020-06-25te.3w2020-06-25yLFDSZPréstamo en sala 0010718PDaPDbPDcHDd2013-06-06iLF1l0o341.37 R175cp39167-10r2020-06-25w2020-06-25yLFPDZNo se presta 0010718PDaPDbPDcHDd2013-06-06iLF1l0o341.37 R175cp39167-20r2020-06-25te.2w2020-06-25yLFPDZNo se presta c38657d38657